000 00947cam a2200253 i 4500
005 20260202105409.0
008 250721s2005 jo gr 000 0 ara d
020 _a9957242199
082 1 4 _a372.21
_b خ ت ل
100 1 _aأبو ختلة، إيناس عمر محمد
_eمؤلف.
245 1 0 _aاختبار الإستعداد المدرسي لطفل الحضانة و الروضة /
_cمؤلف إيناس عمر محمد أبو ختلة.
250 _aالطبعة الأولى.
264 3 1 _aعمان :
_bدار صفاء للنشر و التوزيع،
_c2005.
300 _a320 صفحة.
650 1 7 _aرعاية الطفولة
650 1 7 _aأساليب التدريس
650 1 7 _aالأطفال
650 1 7 _aالتعلم
650 1 7 _aالتربية
650 1 7 _aالتعلم ما قبل المدرسة
650 1 7 _aمدارس الحضانة
942 _2ddc
_cBK
999 _c97362
_d97362